[Event "Munich OIS op"]
[Site "Munich"]
[Date "2008.10.12"]
[Round "2"]
[White "De Francesco, Klaus"]
[Black "Meyer, Hartmut"]
[Result "1-0"]
[WhiteElo "2362"]
[BlackElo "2116"]
[PlyCount "45"]
[EventDate "2008.10.11"]
[EventType "swiss"]
[EventRounds "9"]
[EventCountry "GER"]
[SourceTitle "CBM 126 Extra"]
[Source "ChessBase"]
[SourceDate "2008.11.05"]
[SourceVersion "1"]
[SourceVersionDate "2008.11.05"]
[SourceQuality "1"]

1. d4 Nf6 2. c4 e6 3. Nc3 Bb4 4. Qc2 d5 5. a3 Bxc3+ 6. Qxc3 Ne4 7. Qc2 0-0 8. Nf3 a5 9. b3 Nd7 10. e3 c6 11. Bb2 f5 12. Bd3 Qe8 13. Ne5 Nxe5 14. dxe5 b6 15. 0-0 Bb7 16. b4 Qe7 17. f3 Ng5 18. cxd5 cxd5 19. b5 Rac8 20. Qd2 Ba8 21. Bd4 Qb7 22. Rfc1 f4 23. exf4 1-0

[Event "Bayern-chI Bank Hofmann 6th"]
[Site "Bad Wiessee"]
[Date "2002.10.29"]
[Round "4"]
[White "Meyer, Hartmut"]
[Black "Ciuksyte, Dagne"]
[Result "0-1"]
[WhiteElo "2157"]
[BlackElo "2334"]
[PlyCount "88"]
[EventDate "2002.10.26"]
[EventType "swiss"]
[EventRounds "9"]
[EventCountry "GER"]
[SourceTitle "EXT 2003"]
[Source "ChessBase"]
[SourceDate "2002.11.25"]
[SourceVersion "1"]
[SourceVersionDate "2002.11.25"]
[SourceQuality "1"]

1. c4 c5 2. Nf3 Nf6 3. g3 b6 4. Bg2 Bb7 5. 0-0 e6 6. Nc3 d6 7. d3 Be7 8. b3 a6 9. Bb2 Qc7 10. Rc1 Nbd7 11. e3 Bc6 12. d4 0-0 13. d5 exd5 14. cxd5 Bb7 15. Qd3 b5 16. Rfd1 Rfe8 17. Ng5 h6 18. Nh3 Ne5 19. Qe2 Bc8 20. Nf4 Bg4 21. f3 Bf5 22. e4 Bc8 23. Nd3 Nfd7 24. Nb1 Bf6 25. Nf4 Nb6 26. Nh5 Bg5 27. Bxe5 dxe5 28. d6 Qc6 29. f4 Bd8 30. f5 Ra7 31. Rc2 c4 32. Nc3 g6 33. Nd5 Nxd5 34. Rxd5 gxh5 35. Qxh5 Qb6+ 36. Kh1 Qe3 37. Rd1 Rd7 38. Re2 Qg5 39. Qxg5+ Bxg5 40. bxc4 bxc4 41. Rc2 Be7 42. Rxc4 Rxd6 43. Rxd6 Bxd6 44. Rc6 Rd8 0-1

[Event "Bayern-chI Bank Hofmann 1st"]
[Site "Bad Wiessee"]
[Date "1997.11.19"]
[Round "5"]
[White "Taschner, Peter"]
[Black "Meyer, Hartmut"]
[Result "0-1"]
[WhiteElo "2005"]
[BlackElo "2160"]
[PlyCount "69"]
[EventDate "1997.11.15"]
[EventType "swiss"]
[EventRounds "9"]
[EventCountry "GER"]
[SourceTitle "CBM 061 Extra"]
[Source "ChessBase"]
[SourceDate "1998.03.09"]
[SourceVersion "1"]
[SourceVersionDate "1998.03.09"]
[SourceQuality "1"]

1. e4 c5 2. Nf3 d6 3. Bb5+ Bd7 4. Qe2 Nc6 5. c3 a6 6. Ba4 e5 7. 0-0 Nf6 8. d3 Be7 9. Bg5 0-0 10. Bb3 b5 11. Nbd2 Qb6 12. Bxf6 Bxf6 13. h3 Ne7 14. Nh2 Ng6 15. Ng4 Be7 16. Rfd1 Kh8 17. Ne3 Nf4 18. Qf1 Be6 19. Nd5 Bxd5 20. exd5 f5 21. g3 Nh5 22. Kh2 Rf6 23. Qe2 Rh6 24. Nf1 Rf8 25. Ne3 Qb7 26. Rh1 Qd7 27. Kg1 Bg5 28. Qe1 Bxe3 29. fxe3 Nxg3 30. Rh2 f4 31. Qf2 Rxh3 32. Re1 Rf6 33. Qg2 Rxh2 34. Qxh2 Qg4 35. Bd1 0-1

[Event "Bayern-chI Bank Hofmann 1st"]
[Site "Bad Wiessee"]
[Date "1997.11.18"]
[Round "4"]
[White "Meyer, Hartmut"]
[Black "Wornath, Kai Rudolf"]
[Result "0-1"]
[WhiteElo "2160"]
[BlackElo "2230"]
[PlyCount "92"]
[EventDate "1997.11.15"]
[EventType "swiss"]
[EventRounds "9"]
[EventCountry "GER"]
[SourceTitle "CBM 061 Extra"]
[Source "ChessBase"]
[SourceDate "1998.03.09"]
[SourceVersion "1"]
[SourceVersionDate "1998.03.09"]
[SourceQuality "1"]

1. e4 e6 2. d4 d5 3. Nc3 Nf6 4. e5 Nfd7 5. f4 c5 6. Nf3 Nc6 7. Be3 Qb6 8. Qd2 Qxb2 9. Rb1 Qa3 10. Rb3 Qa5 11. Rb5 Qd8 12. dxc5 a6 13. Rb1 Bxc5 14. Nd4 0-0 15. Be2 Nxd4 16. Bxd4 Bxd4 17. Qxd4 b5 18. a4 bxa4 19. 0-0 Qc7 20. Nxa4 Rb8 21. c4 dxc4 22. Bxc4 Rd8 23. Rbd1 Bb7 24. Be2 Nf6 25. Qc5 Qxc5+ 26. Nxc5 Nd5 27. Nxb7 Rxb7 28. Bxa6 Rb2 29. Rf2 Rdb8 30. g3 Rxf2 31. Kxf2 Rb2+ 32. Kf3 g5 33. fxg5 Rxh2 34. Bb7 Ne7 35. Be4 Kg7 36. Kg4 Ng6 37. Bxg6 Kxg6 38. Rf1 Re2 39. Rf6+ Kg7 40. Kf4 Rf2+ 41. Ke4 Rxf6 42. gxf6+ Kg6 43. Kf4 h5 44. Ke4 Kg5 45. Ke3 Kg4 46. Kd4 Kf5 0-1

[Event "SUI-chT"]
[Site "Switzerland"]
[Date "1997.??.??"]
[Round "?"]
[White "Meyer, Hartmut"]
[Black "Goldstern, Filip Daniel"]
[Result "1-0"]
[WhiteElo "2160"]
[BlackElo "2360"]
[PlyCount "117"]
[EventDate "1997.??.??"]
[EventType "team-tourn"]
[EventRounds "9"]
[EventCountry "SUI"]
[SourceTitle "EXT 1999"]
[Source "ChessBase"]
[SourceDate "1998.11.16"]
[SourceVersion "1"]
[SourceVersionDate "1998.11.16"]
[SourceQuality "1"]

1. c4 c5 2. Nc3 Nf6 3. Nf3 e6 4. g3 b6 5. Bg2 Bb7 6. 0-0 Be7 7. d4 cxd4 8. Qxd4 Nc6 9. Qd2 Qb8 10. Rd1 0-0 11. b3 Rd8 12. Bb2 d6 13. e4 a6 14. Qe2 Qa7 15. Rd2 Rac8 16. Rad1 Qb8 17. h3 Ba8 18. Ba3 Bf8 19. Nh2 Ne5 20. f4 Ng6 21. Bb2 Be7 22. Nf1 Bc6 23. a4 Qb7 24. Ba3 Qc7 25. Ne3 Ne8 26. h4 Bf6 27. Rc1 Qb7 28. Ng4 Be7 29. h5 Nf8 30. Rcd1 h6 31. Bb2 Nh7 32. Nd5 Bf8 33. Nb4 Bd7 34. Ba3 Nhf6 35. e5 Qa7 36. exf6 b5+ 37. Kh1 bxc4 38. bxc4 Bxa4 39. fxg7 Bxg7 40. Rc1 Qc5 41. Ne3 Nf6 42. g4 a5 43. Nbc2 Qb6 44. Rcd1 Ne8 45. Bf3 Qc7 46. Qg2 Rb8 47. g5 Kf8 48. Rg1 Rb3 49. gxh6 Bxh6 50. Qg8+ Ke7 51. Re1 Kd7 52. Qxf7+ Kc8 53. Qxe6+ Qd7 54. Bg4 Qxe6 55. Bxe6+ Kb8 56. c5 Bxf4 57. Bxb3 Bxb3 58. Rb1 a4 59. Rd4 1-0